Love and unity in the light of Chassidus : holy sayings, aphorisms, teachings and stories from the words of the Lubavicher Rebbes /

Saved in:
Bibliographic Details
Other Authors: Grin, Yeḳutiʾel.
Format: Book
Language:English
Published: [Kfar Chabad : Y. Green, 1999?]
Subjects:
Tags: Add Tag
No Tags, Be the first to tag this record!
LEADER 00948nam a2200265Ia 4500
001 008564278-9
005 20020606104010.5
008 010209s1999 is b 000|0 eng d
035 0 |a ocm44158083 
090 |a BJ1286.G64  |b A4313 1999 
130 0 |a Ahavah ṿe-aḥdut be-or ha-Ḥasidut.  |l English. 
245 1 0 |a Love and unity in the light of Chassidus :  |b holy sayings, aphorisms, teachings and stories from the words of the Lubavicher Rebbes /  |c [compiled by] Yekutiel Green. 
246 3 |a Love & unity in the light of Chassidus 
260 |a [Kfar Chabad :  |b Y. Green,  |c 1999?] 
300 |a 287 p. ;  |c 23 cm. 
500 |a Translation of : Ahavah ṿe-aḥdut be-or ha-Ḥasidut. 
504 |a Includes bibliographical references. 
650 0 |a Golden rule. 
650 0 |a Love  |x Religious aspects  |x Judaism. 
650 0 |a Hasidism. 
650 0 |a Habad. 
650 0 |a Jewish ethics. 
700 1 |a Grin, Yeḳutiʾel. 
988 |a 20020608 
906 |0 MH